000
00260nam a22001217a 4500
008
170614b xxu||||| |||| 00| 0 eng d
041
_a
eng
080
_a
94
100
_a
19
101
_a
SHP
245
_a
EXISTENTIALISM MARXISM
_c
NOVACK.G
942
_2
udc
_c
BK
999
_c
17389
_d
17389